[Event "DVM U10 2013"]
[Site "Magdeburg GER"]
[Date "2013.12.28"]
[Round "4"]
[White "Giss, Alexander"]
[Black "Voß, Torben"]
[Result "1-0"]
[Termination "normal"]
[Board "18.1"]
[WhiteElo "1008"]
[BlackElo "885"]
[WhiteTeam "SF Bremer Osten"]
[BlackTeam "Schachzwerge Magdeburg 3"]
[WhiteFideId "16260414"]
[EventCountry "GER"]
[EventRounds "6"]
[EventType "team-swiss"]
[EventDate "2013.12.27"]

1. e4 e5 2. Nf3 Nc6 3. Bc4 Bc5 4. c3 Nf6 5. d4 exd4 6. cxd4 Bb4+ 7. Nc3 Nxe4 8.
O-O Bxc3 9. bxc3 Nxc3 10. Qb3 Ne7 11. Qxc3 d5 12. Bd3 Nc6 13. Re1+ Be6 14. Bb5
Qd7 15. Ne5 Qd6 16. Nxc6 bxc6 17. Bxc6+ Kf8 18. Ba3 Re8 19. Bxd6+ Kg8 20. Bxe8
1-0

[Event "DVM U10 2013"]
[Site "Magdeburg GER"]
[Date "2013.12.28"]
[Round "4"]
[White "Currenti, Alessandro"]
[Black "Block, Timo"]
[Result "0-1"]
[Termination "normal"]
[Board "18.2"]
[WhiteElo "720"]
[BlackElo "930"]
[WhiteTeam "Schachzwerge Magdeburg 3"]
[BlackTeam "SF Bremer Osten"]
[WhiteFideId "12998907"]
[BlackFideId "16201116"]
[EventCountry "GER"]
[EventRounds "6"]
[EventType "team-swiss"]
[EventDate "2013.12.27"]

1. e4 e5 2. Nf3 Nc6 3. Bc4 Nf6 4. Ng5 Qe7 5. O-O h6 6. Nxf7 Rh7 7. Nc3 Nd4 8.
Nb5 Nxb5 9. Bxb5 Qxf7 10. d3 b6 11. Bc4 Qg6 12. Bd5 Nxd5 13. exd5 Bb7 14. c4
O-O-O 15. b3 Bd6 16. Rb1 c6 17. dxc6 Bxc6 18. b4 Qxg2# 0-1

[Event "DVM U10 2013"]
[Site "Magdeburg GER"]
[Date "2013.12.28"]
[Round "4"]
[White "Pfluger, Jan"]
[Black "Prick, Paul"]
[Result "1-0"]
[Termination "normal"]
[Board "18.3"]
[WhiteElo "905"]
[BlackElo "779"]
[WhiteTeam "SF Bremer Osten"]
[BlackTeam "Schachzwerge Magdeburg 3"]
[WhiteFideId "16218299"]
[EventCountry "GER"]
[EventRounds "6"]
[EventType "team-swiss"]
[EventDate "2013.12.27"]

1. e4 e5 2. Nf3 Nc6 3. Bc4 Nf6 4. d3 Bc5 5. c3 d5 6. exd5 Nxd5 7. d4 e4 8. Ng5
Bb6 9. Nxe4 Bf5 10. f3 Be6 11. O-O Ne3 12. Bxe3 Bxc4 13. Re1 f5 14. Bg5 Qd7 15.
Nf6+ Kd8 16. Nxd7+ Kxd7 17. Be3 Rhe8 18. Kf2 f4 19. Bxf4 Rxe1 20. Qxe1 Re8 21.
Qd1 Be2 22. Qb3 Na5 23. Qf7+ Re7 24. Qf5+ Kd8 25. Bg5 g6 26. Bxe7+ Kxe7 27.
Qe5+ Kd7 28. Qxe2 Nc6 29. Nd2 Kc8 30. Qe6+ Kb8 31. Qe8+ Nd8 32. Qxd8# 1-0

[Event "DVM U10 2013"]
[Site "Magdeburg GER"]
[Date "2013.12.28"]
[Round "4"]
[White "Telesh, Volodymyr"]
[Black "Koch, Nico"]
[Result "0-1"]
[Termination "normal"]
[Board "18.4"]
[WhiteElo "768"]
[BlackElo "600"]
[WhiteTeam "Schachzwerge Magdeburg 3"]
[BlackTeam "SF Bremer Osten"]
[EventCountry "GER"]
[EventRounds "6"]
[EventType "team-swiss"]
[EventDate "2013.12.27"]

1. e4 e5 2. Nc3 Nf6 3. Bb5 Nc6 4. Nf3 Bc5 5. d3 d6 6. Bg5 h5 7. Bh4 Be6 8. O-O
O-O 9. Qd2 Nb4 10. Rae1 Bg4 11. Qe2 Qe7 12. Na4 a6 13. Bc4 b5 14. Bb3 bxa4 15.
Bxa4 Qe6 16. Bb3 d5 17. exd5 Nbxd5 18. h3 Bxf3 19. Qxf3 Bb4 20. c3 Ba5 21. Bd1
Rfe8 22. b4 Bb6 23. Bb3 c6 24. Qd1 a5 25. c4 Nc3 26. Qc2 Bd4 27. c5 axb4 28.
Bxe6 Rxa2 29. Bxa2 e4 30. Rc1 e3 31. Qb3 Ne2+ 32. Kh1 Nxc1 33. Rxc1 exf2 34.
Rf1 Re2 35. Bb1 Be5 36. g3 Bd4 37. Qa4 Re1 38. Rxe1 fxe1=Q+ 39. Kg2 Qf2+ 40.
Kh1 Qg1# 0-1

[Event "DVM U10 2013"]
[Site "Magdeburg GER"]
[Date "2013.12.28"]
[Round "4"]
[White "Fricke, Janek Konrad"]
[Black "Matthiessen, Linus"]
[Result "1-0"]
[Termination "normal"]
[Board "19.1"]
[WhiteElo "900"]
[BlackElo "1053"]
[WhiteTeam "Schachunion Berlin"]
[BlackTeam "SK Blauer Springer Paderborn 2"]
[WhiteFideId "12997471"]
[BlackFideId "16222555"]
[EventCountry "GER"]
[EventRounds "6"]
[EventType "team-swiss"]
[EventDate "2013.12.27"]

1. e4 e6 2. d4 d5 3. e5 c5 4. c3 Qb6 5. Nf3 Nc6 6. Na3 Bd7 7. Bb5 cxd4 8. Bxc6
Bxc6 9. cxd4 Qb4+ 10. Qd2 Qxd2+ 11. Bxd2 Bxa3 12. bxa3 Ne7 13. O-O Bb5 14. Rfb1
Ba6 15. Rc1 h5 16. Bb4 Nc6 17. h3 Nxb4 18. axb4 f6 19. Rab1 Bd3 20. Rb2 fxe5
21. Nxe5 Bf5 22. Rc7 O-O 23. Rxb7 Rfc8 24. g4 hxg4 25. hxg4 Rc1+ 26. Kg2 Be4+
27. f3 Bc2 28. Rc7 Rb8 29. Rbxc2 Rxc2+ 30. Rxc2 Rxb4 31. Kg3 Rxd4 32. Rc7 Ra4
33. Rc2 d4 34. g5 Ra5 35. g6 Kf8 36. Ng4 d3 37. Rd2 Rd5 38. Kf4 Ke7 39. Ke3 Rg5
40. Rxd3 Rxg6 41. Ra3 Kf8 42. Rxa7 Rg5 43. a4 Rc5 44. Kf4 Rc4+ 45. Kg3 Ke8 46.
Ne5 Rc5 47. f4 Kd8 48. Rxg7 Rc3+ 49. Kg4 Rc7 50. Rxc7 Kxc7 51. Kg5 Kb6 52. Kf6
Ka5 53. Kxe6 Kxa4 54. f5 Kb5 55. f6 Kc5 56. f7 Kd4 57. f8=Q Ke4 58. Qf3+ Kd4
59. Nc4 Kxc4 60. Qd5+ Kc3 61. Qe4 Kd2 62. Qf3 Ke1 63. Qg2 Kd1 64. Qf2 Kc1 65.
Qe2 Kb1 66. Qd2 Ka1 67. Kd5 Kb1 68. Kc4 Ka1 69. Kb3 Kb1 70. Qe1# 1-0

[Event "DVM U10 2013"]
[Site "Magdeburg GER"]
[Date "2013.12.28"]
[Round "4"]
[White "Schmidtmann, Kimberly"]
[Black "Freier, Leon Michel"]
[Result "1-0"]
[Termination "normal"]
[Board "19.2"]
[WhiteElo "1310"]
[BlackElo "867"]
[WhiteTeam "SK Blauer Springer Paderborn 2"]
[BlackTeam "Schachunion Berlin"]
[WhiteFideId "12967106"]
[BlackFideId "12992895"]
[EventCountry "GER"]
[EventRounds "6"]
[EventType "team-swiss"]
[EventDate "2013.12.27"]

1. e4 d5 2. exd5 Qxd5 3. Nc3 Qe5+ 4. Be2 Bg4 5. f3 Be6 6. d4 Qd6 7. Bd3 g6 8.
Nge2 Bg7 9. Bf4 Qd8 10. Nb5 Bd7 11. Nxc7+ Kf8 12. Nxa8 Na6 13. Bxa6 bxa6 14.
Nc7 Nf6 15. Nxa6 Nd5 16. O-O Nxf4 17. Nxf4 Qb6 18. Qe2 Bb5 19. Qe4 Bxf1 20.
Qa8+ Qb8 21. Qxb8# 1-0

[Event "DVM U10 2013"]
[Site "Magdeburg GER"]
[Date "2013.12.28"]
[Round "4"]
[White "Fricke, Edna Marlene"]
[Black "Bornemann, Malte"]
[Result "1-0"]
[Termination "normal"]
[Board "19.3"]
[WhiteElo "732"]
[BlackElo "600"]
[WhiteTeam "Schachunion Berlin"]
[BlackTeam "SK Blauer Springer Paderborn 2"]
[WhiteFideId "12988839"]
[BlackFideId "16284470"]
[EventCountry "GER"]
[EventRounds "6"]
[EventType "team-swiss"]
[EventDate "2013.12.27"]

1. e4 e5 2. Nf3 Nc6 3. Bc4 Nf6 4. d4 exd4 5. e5 Qe7 6. O-O Ne4 7. Bb5 a6 8. Bc4
Nxe5 9. Nxe5 Qxe5 10. Re1 Bd6 11. Bg5 b5 12. Bd3 Bb7 13. Nd2 Qxg5 14. Bxe4 Bxe4
15. Rxe4+ Be5 16. Nf3 Qd8 17. Nxe5 O-O 18. h3 Qe7 19. Qxd4 c5 20. Qxd7 Qxd7 21.
Nxd7 Rfd8 22. Nxc5 Rac8 23. b4 a5 24. Nb3 Rxc2 25. Re5 a4 26. Na5 Rb8 27. Nb7
h6 28. Nd6 Kf8 29. Nxb5 Rb2 30. Re3 Rxb5 31. a3 Rf5 32. Rc3 Rfxf2 33. b5 Rxb5
34. Kxf2 Rf5+ 35. Kg1 Kg8 36. Rc4 Kh7 37. Rxa4 Rf6 38. Rc4 Ra6 39. a4 Ra5 40.
Rf4 f6 41. g4 g5 42. Rf3 Kg6 43. Kg2 h5 44. gxh5+ Kxh5 45. Rxf6 g4 46. hxg4+
Kxg4 47. Kf2 Kg5 48. Rf3 Kg4 49. Ke3 Re5+ 50. Kf2 Ra5 51. Rf8 Kg5 52. Ke3 Kg6
53. Kd4 Kg7 54. Rff1 Kg6 55. Kc4 Kg5 56. Kb4 Ra6 57. a5 Kg4 58. Kb5 Ra8 59. a6
Rb8+ 60. Kc6 Ra8 61. a7 Kg3 62. Kb7 Rxa7+ 63. Kxa7 Kg2 64. Rf8 Kh2 65. Rg8 Kh3
66. Rh1# 1-0

[Event "DVM U10 2013"]
[Site "Magdeburg GER"]
[Date "2013.12.28"]
[Round "4"]
[White "Yin, Haode"]
[Black "Vorbau, Albert"]
[Result "1-0"]
[Termination "normal"]
[Board "19.4"]
[WhiteElo "600"]
[BlackElo "600"]
[WhiteTeam "SK Blauer Springer Paderborn 2"]
[BlackTeam "Schachunion Berlin"]
[WhiteFideId "16261348"]
[EventCountry "GER"]
[EventRounds "6"]
[EventType "team-swiss"]
[EventDate "2013.12.27"]

1. d4 e5 2. d5 Nf6 3. Nc3 Bb4 4. Bd2 O-O 5. g3 b5 6. Nxb5 Bb7 7. Bxb4 Bxd5 8.
Nf3 d6 9. Bg2 Nc6 10. a3 Qb8 11. Qd3 a6 12. Nc3 e4 13. Qd2 exf3 14. Bxf3 Bxf3
15. exf3 Re8+ 16. Ne2 a5 17. Bc3 Qd8 18. O-O Ne5 19. Bxe5 dxe5 20. Qxd8 Rexd8
21. f4 e4 22. Rfd1 Rab8 23. Rab1 a4 24. Kg2 Rf8 25. f3 e3 26. Rd3 Nd5 27. Rxd5
Rfd8 28. Rbd1 Rxd5 29. Rxd5 c6 30. Re5 Rb7 31. Rxe3 Rxb2 32. Re8# 1-0

[Event "DVM U10 2013"]
[Site "Magdeburg GER"]
[Date "2013.12.28"]
[Round "4"]
[White "Späth, Carl-Luca"]
[Black "Keil, Emil"]
[Result "1/2-1/2"]
[Termination "normal"]
[Board "20.1"]
[WhiteElo "784"]
[BlackElo "848"]
[WhiteTeam "SK Neumarkt e.V."]
[BlackTeam "SV Empor Erfurt 2"]
[EventCountry "GER"]
[EventRounds "6"]
[EventType "team-swiss"]
[EventDate "2013.12.27"]

1. d4 d5 2. Bf4 Bf5 3. Nc3 e6 4. e3 Nc6 5. Nf3 Nf6 6. Nb5 Bd6 7. Nxd6+ cxd6 8.
Bb5 a6 9. Bd3 Bg6 10. O-O O-O 11. Bxg6 fxg6 12. Bg3 Qc7 13. Nh4 Qf7 14. Bf4 Ne4
15. Nf3 Rae8 16. h3 e5 17. Bh2 Nd8 18. dxe5 dxe5 19. Nxe5 Qe6 20. Qd3 Nc6 21.
Nf3 Rf7 22. Rad1 Rd8 23. a3 Qf6 24. Qe2 Qxb2 25. a4 Nc3 26. Qd2 Nxd1 27. Rxd1
Qa2 28. a5 Nxa5 29. Ne5 Re7 30. Bf4 Rf8 31. Nxg6 hxg6 32. Bd6 Rfe8 33. Bxe7
Rxe7 34. e4 Rxe4 35. Qxd5+ Qxd5 36. Rxd5 b5 37. Rd6 Kf7 38. Rxa6 Ra4 39. Rb6 b4
40. g4 Nc4 41. Rb7+ Kg8 42. Rc7 1/2-1/2

[Event "DVM U10 2013"]
[Site "Magdeburg GER"]
[Date "2013.12.28"]
[Round "4"]
[White "Greim, Fridolin"]
[Black "Lenz, Sebastian"]
[Result "1-0"]
[Termination "normal"]
[Board "20.2"]
[WhiteElo "888"]
[BlackElo "751"]
[WhiteTeam "SV Empor Erfurt 2"]
[BlackTeam "SK Neumarkt e.V."]
[WhiteFideId "16212320"]
[EventCountry "GER"]
[EventRounds "6"]
[EventType "team-swiss"]
[EventDate "2013.12.27"]

1. e4 e5 2. Nf3 Nc6 3. Bc4 Qe7 4. Nc3 d6 5. d3 Be6 6. Bb3 O-O-O 7. Bg5 f6 8.
Be3 Nh6 9. Qd2 f5 10. Nd5 Qf7 11. O-O-O fxe4 12. dxe4 Ng4 13. h3 Nxe3 14. Qxe3
Be7 15. Nxe7+ Nxe7 16. Bxe6+ Qxe6 17. Qxa7 Nc6 18. Qa3 Rhe8 19. Rd3 d5 20. exd5
Rxd5 21. Rxd5 Qxd5 22. Rd1 Qe4 23. Qd3 Qxd3 24. Rxd3 e4 25. Ra3 exf3 26. Rxf3
Re1+ 27. Kd2 Re5 28. Rf7 Rd5+ 29. Kc1 Re5 30. Rxg7 Re1+ 31. Kd2 Rf1 32. Ke2 Ra1
33. a3 Ra2 34. Rxh7 Rxb2 35. Kd2 Nd4 36. Kc3 Rxc2+ 37. Kxd4 Rxf2 38. g4 Rd2+
39. Ke3 Ra2 40. g5 Rxa3+ 41. Kd2 Ra2+ 42. Kc3 Ra3+ 43. Kb4 Ra6 44. h4 Rb6+ 45.
Kc4 Rc6+ 46. Kd5 Rd6+ 47. Ke5 b5 48. h5 b4 49. g6 b3 50. g7 b2 51. g8=Q+ Rd8
52. Qe6+ Kb8 53. Qb3+ Kc8 54. Qxb2 Re8+ 55. Kf4 Rf8+ 56. Kg4 Re8 57. Qg7 Re4+
58. Kf3 Rc4 59. Qg8+ Kb7 60. Qxc4 Kc8 61. Qxc7# 1-0

[Event "DVM U10 2013"]
[Site "Magdeburg GER"]
[Date "2013.12.28"]
[Round "4"]
[White "Franke, Josef"]
[Black "Meyers, Jakob"]
[Result "1-0"]
[Termination "normal"]
[Board "20.3"]
[WhiteElo "815"]
[BlackElo "760"]
[WhiteTeam "SK Neumarkt e.V."]
[BlackTeam "SV Empor Erfurt 2"]
[EventCountry "GER"]
[EventRounds "6"]
[EventType "team-swiss"]
[EventDate "2013.12.27"]

1. e4 e5 2. Nf3 Nc6 3. Nc3 Nf6 4. Bc4 Bb4 5. Ng5 O-O 6. O-O Bxc3 7. dxc3 d6 8.
Be3 Bg4 9. Qd2 h6 10. Nxf7 Rxf7 11. Bxf7+ Kxf7 12. h3 Bh5 13. Qd3 Bg6 14. Qc4+
d5 15. Qb3 Bxe4 16. c4 Ke6 17. Bc5 b6 18. Be3 d4 19. Bd2 Kd7 20. c3 Rb8 21.
cxd4 exd4 22. c5 bxc5 23. Qf7+ Qe7 24. Qc4 Rxb2 25. Bf4 g5 26. Bc1 Rc2 27. Qa6
Nd5 28. Ba3 Ncb4 29. Qa4+ {nicht mehr nachvollziehbar} 1-0

[Event "DVM U10 2013"]
[Site "Magdeburg GER"]
[Date "2013.12.28"]
[Round "4"]
[White "Reuter, Elisa"]
[Black "Burger, Daiana"]
[Result "1-0"]
[Termination "normal"]
[Board "20.4"]
[WhiteElo "833"]
[BlackElo "733"]
[WhiteTeam "SV Empor Erfurt 2"]
[BlackTeam "SK Neumarkt e.V."]
[WhiteFideId "12995444"]
[BlackFideId "16217233"]
[EventCountry "GER"]
[EventRounds "6"]
[EventType "team-swiss"]
[EventDate "2013.12.27"]

1. e4 e5 2. Nf3 Nc6 3. d4 Bb4+ 4. c3 Ba5 5. d5 Nf6 6. dxc6 bxc6 7. Bd3 O-O 8.
O-O d6 9. Bg5 Bg4 10. h3 Bxf3 11. Qxf3 c5 12. Bxf6 Qxf6 13. Qxf6 gxf6 14. Nd2
c6 15. Rab1 d5 16. exd5 cxd5 17. b4 Bb6 18. bxc5 Bxc5 19. c4 d4 20. Nb3 Bb4 21.
f4 exf4 22. Rxf4 Bd2 23. Nxd2 Rfd8 24. Rxf6 Rac8 25. Ra6 Rc7 26. Nb3 Rb7 27.
Nxd4 1-0

[Event "DVM U10 2013"]
[Site "Magdeburg GER"]
[Date "2013.12.28"]
[Round "4"]
[White "Siegl, Justus"]
[Black "Trautmann, Leon"]
[Result "1-0"]
[Termination "normal"]
[Board "21.1"]
[WhiteElo "888"]
[BlackElo "868"]
[WhiteTeam "SV Breitenworbis"]
[BlackTeam "SG Blau-Weiß Stadtilm 3"]
[EventCountry "GER"]
[EventRounds "6"]
[EventType "team-swiss"]
[EventDate "2013.12.27"]

1. e4 e5 2. Nf3 Nc6 3. Bc4 Bc5 4. c3 Nf6 5. d3 h6 6. Nbd2 d6 7. h3 Be6 8. Bb3
Qd7 9. Nf1 O-O 10. Ng3 Rfb8 11. O-O Kh7 12. Be3 Bb6 13. Qd2 g6 14. Bxh6 Kg8 15.
Bg5 Kf8 16. Ba4 Ke8 17. d4 exd4 18. Nxd4 Bxd4 19. cxd4 b5 20. e5 dxe5 21. dxe5
Nxe5 22. Bd1 Ne4 23. Nxe4 Nc4 24. Qc2 1-0

[Event "DVM U10 2013"]
[Site "Magdeburg GER"]
[Date "2013.12.28"]
[Round "4"]
[White "Wierling, Dennis"]
[Black "Dittrich, Julius"]
[Result "0-1"]
[Termination "normal"]
[Board "21.2"]
[WhiteElo "795"]
[BlackElo "905"]
[WhiteTeam "SG Blau-Weiß Stadtilm 3"]
[BlackTeam "SV Breitenworbis"]
[BlackFideId "12995398"]
[EventCountry "GER"]
[EventRounds "6"]
[EventType "team-swiss"]
[EventDate "2013.12.27"]

1. e4 e5 2. Nf3 Nc6 3. Bb5 a6 4. Bxc6 dxc6 5. Qe2 Bd6 6. d3 Nf6 7. Bg5 h6 8.
Bh4 Bg4 9. Nc3 b5 10. h3 Bh5 11. O-O-O b4 12. Nb1 a5 13. g4 Bg6 14. g5 Nd7 15.
gxh6 Rb8 16. hxg7 Rg8 17. Rhg1 Rxg7 18. Qe3 a4 19. Qh6 Bf8 20. Ng5 Rh7 21. Nxh7
Bxh6+ 22. Nd2 Bxd2+ 23. Rxd2 Nc5 24. Rdd1 Qd6 25. d4 exd4 26. c3 bxc3 27. bxc3
dxc3 28. a3 Qd4 29. Rg2 Qb4 30. Rgg1 Qb2# 0-1

[Event "DVM U10 2013"]
[Site "Magdeburg GER"]
[Date "2013.12.28"]
[Round "4"]
[White "Conradi, Jonas"]
[Black "Prasser, Oskar"]
[Result "1-0"]
[Termination "normal"]
[Board "21.3"]
[WhiteElo "794"]
[BlackElo "600"]
[WhiteTeam "SV Breitenworbis"]
[BlackTeam "SG Blau-Weiß Stadtilm 3"]
[EventCountry "GER"]
[EventRounds "6"]
[EventType "team-swiss"]
[EventDate "2013.12.27"]

1. e4 e5 2. Nf3 Nc6 3. Bc4 Bc5 4. d3 Nf6 5. Bg5 d6 6. h3 O-O 7. Nc3 Be6 8. Bxe6
fxe6 9. O-O Nd4 10. Nxd4 exd4 11. Na4 Bb4 12. a3 Bc5 13. Nxc5 dxc5 14. e5 h6
15. exf6 hxg5 16. fxg7 Kxg7 17. Qg4 Re8 18. f4 b5 19. fxg5 e5 20. Rf2 e4 21.
Raf1 -- 22. Rf7+ Kg8 23. Qh5 exd3 24. Qh7# 1-0

[Event "DVM U10 2013"]
[Site "Magdeburg GER"]
[Date "2013.12.28"]
[Round "4"]
[White "Kirsch, Martin"]
[Black "Wehling, Elias"]
[Result "0-1"]
[Termination "normal"]
[Board "21.4"]
[WhiteElo "600"]
[BlackElo "734"]
[WhiteTeam "SG Blau-Weiß Stadtilm 3"]
[BlackTeam "SV Breitenworbis"]
[WhiteFideId "2925630"]
[EventCountry "GER"]
[EventRounds "6"]
[EventType "team-swiss"]
[EventDate "2013.12.27"]

1. e4 e5 2. Nf3 Nc6 3. Bc4 Nf6 4. Nc3 Be7 5. O-O O-O 6. d3 h6 7. Be3 d6 8. h3
a6 9. Qd2 b5 10. Bb3 b4 11. Nd5 Nxd5 12. exd5 Nb8 13. a3 a5 14. axb4 Ba6 15.
bxa5 c6 16. dxc6 Nxc6 17. Bb6 Qb8 18. Bd5 Qc8 19. Bb3 Bd8 20. c3 Qb8 21. Bc2
Bxb6 22. d4 Bxd4 23. Qd3 Bxd3 0-1

[Event "DVM U10 2013"]
[Site "Magdeburg GER"]
[Date "2013.12.28"]
[Round "4"]
[White "Späth, Christoph"]
[Black "Kohl, Natalie"]
[Result "1-0"]
[Termination "normal"]
[Board "22.1"]
[WhiteElo "977"]
[BlackElo "979"]
[WhiteTeam "Schach-Kids Bernhausen 2"]
[BlackTeam "Meuselwitzer SV"]
[BlackFideId "12967408"]
[EventCountry "GER"]
[EventRounds "6"]
[EventType "team-swiss"]
[EventDate "2013.12.27"]

1. e4 c5 2. c4 Nc6 3. d3 g6 4. g3 Bg7 5. Bg2 Nf6 6. Ne2 O-O 7. O-O d6 8. Nbc3
Bg4 9. Be3 Re8 10. a3 Qb6 11. Qd2 Qd8 12. Bg5 Ne5 13. f4 Bxe2 14. Nxe2 Neg4 15.
Bh3 h6 16. Bxf6 Nxf6 17. f5 Qd7 18. Kg2 Qc7 19. fxg6 fxg6 20. Rf3 Rf8 21. Raf1
Rad8 22. d4 b6 23. Qd3 Kh7 24. d5 a5 25. Nf4 e5 26. Ne6 Qe7 27. Nxf8+ Rxf8 28.
Re1 h5 29. Kg1 Bh6 30. b4 axb4 31. axb4 cxb4 32. Rb1 Qa7 33. Rxb4 b5+ 34. Kg2
bxc4 35. Rxc4 Qa2+ 36. Rc2 Qa4 37. Rc7+ Kh8 38. Rc4 Qb5 39. Qb3 Qa5 40. Ra4 Qd8
41. Be6 Ng4 42. Rxf8+ Qxf8 43. Bxg4 hxg4 44. Ra7 Bg5 45. Rb7 Bd8 46. Rb8 Kg8
47. Qb7 g5 48. Qd7 Kh8 49. Rxd8 Qxd8 50. Qxd8+ 1-0

[Event "DVM U10 2013"]
[Site "Magdeburg GER"]
[Date "2013.12.28"]
[Round "4"]
[White "Meyer, Jessica"]
[Black "Floeter, Nina"]
[Result "1-0"]
[Termination "normal"]
[Board "22.2"]
[WhiteElo "802"]
[BlackElo "747"]
[WhiteTeam "Meuselwitzer SV"]
[BlackTeam "Schach-Kids Bernhausen 2"]
[WhiteFideId "16230019"]
[EventCountry "GER"]
[EventRounds "6"]
[EventType "team-swiss"]
[EventDate "2013.12.27"]

1. e4 e5 2. Nf3 Nc6 3. d4 d6 4. dxe5 dxe5 5. Qxd8+ Nxd8 6. Bc4 Bc5 7. Nxe5 Nf6
8. Nc3 O-O 9. O-O Ng4 10. Nxg4 Bxg4 11. Nd5 c6 12. Ne3 Bxe3 13. Bxe3 b5 14. Bb3
Be2 15. Rfe1 Bh5 16. h3 a5 17. a4 bxa4 18. Bxa4 Ne6 19. Bxc6 a4 20. Bxa8 Rxa8
21. b3 a3 22. Ra2 Nc7 23. c4 Bg6 24. e5 Ra5 25. Bb6 Ra6 26. Bxc7 Ra7 27. Bb6
Ra6 28. Bd8 Ra8 29. Rd1 Bh5 30. f3 g5 31. Bxg5 h6 32. Bxh6 Kh7 33. Be3 Ra6 34.
Rd7 Ra8 35. e6 Bg6 36. e7 Bb1 37. Ra1 Ba2 38. Ba7 Kg6 39. Rb7 f5 40. Bb8 Kf7
41. c5 Ra6 42. b4 f4 43. b5 Re6 44. Bd6 Rg6 45. Rc7 Rg8 46. b6 Rh8 47. b7 Re8
48. Rc8 Bd5 49. Rxe8 Kxe8 50. b8=Q+ Kf7 51. Qf8+ Kg6 52. Ra2 Be6 53. Rxa3 Bd7
1-0

[Event "DVM U10 2013"]
[Site "Magdeburg GER"]
[Date "2013.12.28"]
[Round "4"]
[White "Akbaba, Eren"]
[Black "Watzek, Luna"]
[Result "0-1"]
[Termination "normal"]
[Board "22.3"]
[WhiteElo "758"]
[BlackElo "745"]
[WhiteTeam "Schach-Kids Bernhausen 2"]
[BlackTeam "Meuselwitzer SV"]
[EventCountry "GER"]
[EventRounds "6"]
[EventType "team-swiss"]
[EventDate "2013.12.27"]

1. e4 e5 2. Nf3 Nc6 3. Bc4 Bc5 4. d3 d6 5. Ng5 Be6 6. Bxe6 fxe6 7. Nxe6 Qd7 8.
Nxc5 dxc5 9. O-O O-O-O 10. Qe1 Nf6 11. Bg5 Kb8 12. Nc3 Rc8 13. Bxf6 gxf6 14.
Qd1 Ne7 15. Qh5 h6 16. Rae1 Rhg8 17. Ne2 Rh8 18. Ng3 Qb5 19. Ra1 Qa6 20. Nf5
Nxf5 21. Qxf5 Qc6 22. Qg6 c4 23. dxc4 Qxc4 24. Rfc1 Qc6 25. Rab1 Rcg8 26. Qf7
Rf8 27. Qh5 Rh7 28. Rd1 Rg8 29. Rd2 a6 30. Rbd1 Rhg7 31. Rd8+ Rxd8 32. Rxd8+
Ka7 33. a4 Qxa4 34. h3 Qxc2 35. Qe8 Qxb2 36. Ra8+ Kb6 37. Qe6+ Kb5 38. Qd5+ Kb4
39. Qxb7+ Kc3 40. Qxc7+ Rxc7 41. Rxa6 Rf7 42. Rc6+ Kd3 43. f3 Ke3 44. Kf1 Qb1+
45. Rc1 Qxc1# 0-1

[Event "DVM U10 2013"]
[Site "Magdeburg GER"]
[Date "2013.12.28"]
[Round "4"]
[White "Schuhknecht, Maja"]
[Black "Watzal, Simon"]
[Result "0-1"]
[Termination "normal"]
[Board "22.4"]
[WhiteElo "753"]
[BlackElo "600"]
[WhiteTeam "Meuselwitzer SV"]
[BlackTeam "Schach-Kids Bernhausen 2"]
[EventCountry "GER"]
[EventRounds "6"]
[EventType "team-swiss"]
[EventDate "2013.12.27"]

1. e4 b5 2. Nc3 Nc6 3. Nf3 Nf6 4. d3 d6 5. Bg5 d5 6. e5 Ne4 7. Bxe7 Nxe7 8.
Nxb5 a6 9. Na3 Nc6 10. dxe4 dxe4 11. Nd2 Nxe5 12. h4 g5 13. Rh3 Nd3+ 14. Ke2
Nxb2 15. Qb1 Na4 16. g3 Nc3+ 17. Ke1 Nxb1 18. Rxb1 c5 19. Bg2 Bb7 20. Nb3 {
nicht mehr nachvollziehbar} 0-1

[Event "DVM U10 2013"]
[Site "Magdeburg GER"]
[Date "2013.12.28"]
[Round "4"]
[White "Tünte, Henning"]
[Black "Heyne, Patrick"]
[Result "1-0"]
[Termination "normal"]
[Board "23.1"]
[WhiteElo "790"]
[BlackElo "840"]
[WhiteTeam "SG Turm Raesfeld/Erle 2"]
[BlackTeam "SC 1994 Oberland 2"]
[EventCountry "GER"]
[EventRounds "6"]
[EventType "team-swiss"]
[EventDate "2013.12.27"]

1. e4 e5 2. Nf3 Nc6 3. Bc4 Nf6 4. c3 d6 5. d4 Nxe4 6. Qd3 Bf5 7. Qe2 d5 8. Bb5
a6 9. Bxc6+ bxc6 10. Nxe5 Qd6 11. f3 Nf6 12. Nc4+ Qe6 13. Qxe6+ Bxe6 14. Ne5
Bd6 15. O-O c5 16. Bf4 O-O 17. Nd2 Nh5 18. g3 Bh3 19. Rfe1 Nxf4 20. gxf4 Rfe8
21. Nc6 Bxf4 22. Rad1 Bxd2 23. Rxe8+ Rxe8 24. Rxd2 Re1+ 25. Kf2 Rf1+ 26. Kg3
Bd7 27. Ne7+ Kf8 28. Nxd5 Bc6 29. c4 f5 30. Nxc7 Rxf3+ 31. Kh4 Rf4+ 32. Kg5
Rg4+ 33. Kxf5 Bd7+ 34. Ne6+ Bxe6+ 35. Kxe6 Rg6+ 36. Kd7 h5 37. dxc5 Rf6 38. c6
Rf3 39. Kd8 Kg8 40. c7 Rf8+ 41. Kd7 Rf7+ 42. Kc6 Rf6+ 43. Kb7 Rf7 44. Kb8 Kh7
45. c8=Q g5 46. Rd7 Rg7 47. Rxg7+ Kxg7 48. Qe6 g4 49. c5 h4 50. Qxg4+ Kf6 51.
Qxh4+ Ke6 52. Qg5 a5 53. c6 a4 54. c7 a3 55. c8=R Kf7 56. Qh6 axb2 57. Rc7+ Ke8
58. Qh8# 1-0

[Event "DVM U10 2013"]
[Site "Magdeburg GER"]
[Date "2013.12.28"]
[Round "4"]
[White "Valenta, Hannes"]
[Black "Langenhorst, Janis"]
[Result "1-0"]
[Termination "normal"]
[Board "23.2"]
[WhiteElo "833"]
[BlackElo "600"]
[WhiteTeam "SC 1994 Oberland 2"]
[BlackTeam "SG Turm Raesfeld/Erle 2"]
[EventCountry "GER"]
[EventRounds "6"]
[EventType "team-swiss"]
[EventDate "2013.12.27"]

1. e4 e5 2. Nf3 Nc6 3. Bc4 Bc5 4. c3 Bb6 5. d4 d6 6. Be3 Nf6 7. Nbd2 O-O 8. Qc2
h6 9. O-O Ng4 10. h3 Nxe3 11. fxe3 Qf6 12. Rf2 Na5 13. Bb3 c5 14. Raf1 cxd4 15.
exd4 exd4 16. cxd4 Bxd4 17. Nxd4 Qxd4 18. Kh1 b6 19. e5 dxe5 20. Bxf7+ Kh8 21.
Bd5 Bb7 22. Rxf8+ Rxf8 23. Rxf8# 1-0

[Event "DVM U10 2013"]
[Site "Magdeburg GER"]
[Date "2013.12.28"]
[Round "4"]
[White "Mühl, Sophia"]
[Black "Seibt, Bruno"]
[Result "0-1"]
[Termination "normal"]
[Board "23.3"]
[WhiteElo "600"]
[BlackElo "767"]
[WhiteTeam "SG Turm Raesfeld/Erle 2"]
[BlackTeam "SC 1994 Oberland 2"]
[BlackFideId "16219988"]
[EventCountry "GER"]
[EventRounds "6"]
[EventType "team-swiss"]
[EventDate "2013.12.27"]

1. e4 e5 2. Nf3 Nc6 3. Bc4 Nf6 4. c3 d6 5. d4 g6 6. d5 Na5 7. b3 Nxc4 8. bxc4
Bg7 9. Bg5 Bd7 10. O-O O-O 11. g4 Bxg4 12. h3 Bxh3 13. Re1 Qd7 14. Na3 Qg4+ 15.
Kh1 Qg2# 0-1